Русская хирургия. Вып. 14 (ч. 1 и 2): Общее и местное обезболивание (Запись № 13404448)

Подробности
000 -МАРКЕР
контрольное поле 02255nam2a2200265 4500
001 - ИДЕНТИФИКАТОР ЗАПИСИ
контрольное поле RU\NLR\BIBL_A\022532554
005 - ИДЕНТИФИКАТОР ВЕРСИИ
контрольное поле 20250702140142.0
035 ## - ДРУГИЕ СИСТЕМНЫЕ НОМЕРА
Идентификатор записи (NLR Aleph) 022532554
100 ## - ДАННЫЕ ОБЩЕЙ ОБРАБОТКИ
Данные общей обработки 20061204d1904 |||y0rusy50 ca
101 0# - ЯЗЫК РЕСУРСА
Язык текста, звукозаписи и т.д. русский
102 ## - СТРАНА ПУБЛИКАЦИИ ИЛИ ПРОИЗВОДСТВА
Страна публикации Российская Федерация
105 ## - ПОЛЕ КОДИРОВАННЫХ ДАННЫХ: ТЕКСТОВЫЕ МАТЕРИАЛЫ, МОНОГРАФИЧЕСКИЕ
Кодированные данные о монографическом текстовом документе a j 000yy
200 1# - ЗАГЛАВИЕ И СВЕДЕНИЯ ОБ ОТВЕТСТВЕННОСТИ
Основное заглавие Общее и местное обезболивание
Сведения, относящиеся к заглавию отдел 5
-- (окончание)
Первые сведения об ответственности [соч.] проф. С. Н. Делицина
210 ## - ПУБЛИКАЦИЯ, РАСПРОСТРАНЕНИЕ И ДР.
Дата издания, распространения и т.д. 1904
215 ## - ФИЗИЧЕСКАЯ ХАРАКТЕРИСТИКА
Специфическое обозначение материала и объем С. 65–178, VI, 48 с.
Другие сведения о физической характеристике ил.
320 ## - ПРИМЕЧАНИЯ О НАЛИЧИИ В ДОКУМЕНТЕ БИБЛИОГРАФИИ / УКАЗАТЕЛЯ
Текст примечания Библиогр. в подстроч. примеч.
423 #0 - ИЗДАЕТСЯ В ОДНОЙ ОБЛОЖКЕ ВМЕСТЕ С ...
Встроенное поле 2001#$aХирургическия болезни носа, придаточных полостей его и носоглотки$eотдел 13$f[соч.] проф. Н. А. Геркена
-- 5181#$aХирургические болезни носа, придаточных полостей его и носоглотки
-- 700#1$aГеркен$bН. А.$f1863-1933$gНиколай Александрович
Заглавие Хирургическия болезни носа, придаточных полостей его и носоглотки
Автор Геркен, Николай Александрович (1863-1933)
461 #0 - УРОВЕНЬ НАБОРА
Встроенное поле 001v19\rc\1750200
-- 2001#$aРусская хирургия$eруководство к теоретической, оперативной и клинической хирургии$fпод редакцией профф. П. И. Дьяконова, Л. Л. Левшина, В. И. Разумовскаго и М. С. Субботина$vВып. 14 (ч. 1 и 2)
Системный номер (АБИС) связанной записи 4952732
Место публикации Санкт-Петербург
Дата публикации 1902-1916
Первые сведения об ответственности Под ред. проф. П.И. Дьяконова, Л.Л. Левшина, В.И. Разумовского и М.С. Субботина
Имя издателя, распространителя и т.д. журн. "Практ. медицина" (В.С. Эттингер)
Сведения, относящиеся к заглавию Руководство к теоретической, оперативной и клинической хирургии
Физическая характеристика разд. паг.
Заглавие Русская хирургия
Номер тома Вып. 14 (ч. 1 и 2)
701 #1 - ИМЯ ЛИЦА - АЛЬТЕРНАТИВНАЯ ОТВЕТСТВЕННОСТЬ
Начальный элемент ввода Делицын
Часть имени, кроме начального элемента ввода С. Н.
Даты 1858-1918
Расширение инициалов личного имени Сергей Николаевич
852 ## - МЕСТОНАХОЖДЕНИЕ И ШИФР ХРАНЕНИЯ
Идентификатор организации NLR
Шифр хранения (Call Number) 34.3.6.31(14)
942 ## - ДОПОЛНИТЕЛЬНЫЕ ЭЛЕМЕНТЫ ЗАПИСИ (АБИС)
Тип экземпляра АБИС Книга
980 ## - КОЛЛЕКЦИЯ
Название коллекции Национальная библиография
Экземпляры
Тип экземпляра Дата поступления Библиотека постоянного хранения Библиотека текущего хранения Место хранения Шифр хранения Штрих-код Статус экземпляра
Книга 13.05.2025 РНБ (Садовая) РНБ (Садовая) Русский книжный фонд -Главное здание, Ленинский читальный зал 34.3.6.31(14) 22532554-10